Am wenigsten fragile Länder - Statistiken

Allgemein
  • Dieses Quiz wurde 42 mal gespielt
  • Das Durchschnittsergebnis liegt bei 16 aus 20
Antwortstatistiken
Resultat Land % Korrekt
24.0 Deutschland
98%
14.3 Finnland
98%
12.7 Norwegen
98%
16.2 Schweiz
98%
23.1 Österreich
95%
18.6 Kanada
93%
20.6 Schweden
93%
15.9 Dänemark
88%
15.2 Island
88%
28.3 Frankreich
85%
19.5 Niederlande
85%
19.6 Australien
78%
18.6 Irland
73%
30.2 Japan
73%
15.9 Neuseeland
73%
18.7 Luxemburg
71%
25.9 Portugal
71%
29.8 Südkorea
61%
25.4 Singapur
51%
26.1 Slowenien
44%
Keine übereinstimmenden Quizze gefunden
Verteilung der Resultate
Anzahl Personen mit jedem Resultat
Perzentil nach korrekt beantworteten Fragen
Ihre Resultats-Entwicklung
Sie haben dieses Quiz noch nicht gespielt